Du học 0 đồng : Bí quyết chinh phục học bổng toàn phần

Nội dung sách giới thiệu tổng quan về các loại học bổng và những điều cần biết khi làm thủ tục xin học bổng. Kinh nghiệm được chia sẻ từ chính những người đại diện cho từng loại học bổng. Chia sẻ của người quản lý nền tảng kết nối g...

Popoln opis

Shranjeno v:
Bibliografske podrobnosti
Format: Knjiga
Jezik:Undetermined
Izdano: Hà Nội Thế giới 2018
Teme:
Oznake: Označite
Brez oznak, prvi označite!
Thư viện lưu trữ: Trung tâm Học liệu Trường Đại học Cần Thơ
LEADER 01089nam a2200205Ia 4500
001 CTU_230622
008 210402s9999 xx 000 0 und d
020 |c 129000 
082 |a 370.116 
082 |b D500 
245 0 |a Du học 0 đồng : 
245 0 |b Bí quyết chinh phục học bổng toàn phần 
245 0 |c Hoàng Đức Long ... [et al.] 
260 |a Hà Nội 
260 |b Thế giới 
260 |c 2018 
520 |a Nội dung sách giới thiệu tổng quan về các loại học bổng và những điều cần biết khi làm thủ tục xin học bổng. Kinh nghiệm được chia sẻ từ chính những người đại diện cho từng loại học bổng. Chia sẻ của người quản lý nền tảng kết nối giữa các bạn muốn săn học bổng và người hướng dẫn săn học bổng. 
650 |a Giáo dục Quốc tế,International education 
910 |b dqhieu 
980 |a Trung tâm Học liệu Trường Đại học Cần Thơ